| 000 | 00870nam a2200277Ia 4500 | ||
|---|---|---|---|
| 008 | |||
| 020 | _a1416023763 (hbk.) | ||
| 049 | _aMAIN | ||
| 090 |
_aRM101 _bCUR |
||
| 245 | 0 | 0 |
_aConn's current therapy, 2006 : _blatest approved methods of treatment for the practicing physician / _cEditors: H.F. Conn [et al.] |
| 260 |
_aPhiladelphia : _bW.B. Saunders, _c2006. |
||
| 300 |
_axxxv, 1585 p. : _bill. ; _c28 cm. |
||
| 500 | _aIncludes index. | ||
| 504 | _aIncludes bibliographical references. | ||
| 650 | 0 |
_aMedicine _xPractice. |
|
| 650 | 0 | _aTherapeutics. | |
| 650 | 0 | _aTherapeutics, Surgical. | |
| 700 | _aBope, Edward T. | ||
| 700 | _aConn, H. F. | ||
| 700 | 1 | _aRakel, Robert E. | |
| 907 |
_a.b10258139 _b13-07-12 _c20-11-08 |
||
| 003 | |||
| 005 | 20230120204008.0 | ||
| 040 | _cNUST | ||
| 942 |
_cBOOKS _kRM101 _mCUR |
||
| 999 |
_c115252 _d115252 |
||